000 00714nam a22001577a 4500
003 OSt
005 20151201094103.0
008 151201b xxu||||| |||| 00| 0 eng d
040 _cRUA
082 _aFIS BUN 2000 B172 Or.1
100 _94051
_aBUN, THAN.
245 _athe effect of vitamin pre-mix on the success and economics of hapa seed nursing ( ប្រសិទ្ធិភាពនៃការប្រើ vitamin pri-mix ទៅលើការលូតលាស់របស់ត្រី និង សេដ្ឋកិច្ចនៃការផ្សំាកូនត្រីនៅក្នុងហាប៉ា)
260 _aPhnom Penh
_bRUA
_c2000
300 _a41p.
_biil.
_c29cm.
942 _2ddc
_cFIS
999 _c3770
_d3770